000 00324nam a2200145Ia 4500
008 150301s2015 xx 000 0 und d
082 _a610
_bM10M
100 _aB.K MAHAJAN
245 _aMUTHADS IN BIOSTATICS
250 _a7TH
260 _bJEUYPEE MED PUB
300 _a335
650 _aBIOSTATISTICS
942 _2ddc
_cBK
999 _c7247
_d7247